LEGO Marvel: Iron Man 3 (2013) Minifigures by Picture - Statistics

General Stats
  • This quiz has been taken 30 times
  • The average score is 6 of 6
Answer Stats
Picture Answer % Correct
Iron Man
100%
Iron Patriot
100%
Pepper Potts
100%
Tony Stark
100%
Aldrich Killian
95%
Trevor Slattery
90%
No matching quizzes found
Score Distribution
Percent of People with Each Score
Percentile by Number Answered
Your Score History
You have not taken this quiz